| 000 | 00491nam a2200181Ia 4500 | ||
|---|---|---|---|
| 003 | LDD | ||
| 008 | 181101s9999 xx 000 0 und d | ||
| 020 |
_a8187666951 _c300.00 |
||
| 040 | _cLDD | ||
| 100 | _aKanwal, Ibne | ||
| 245 | 0 |
_aBostan-e-khayal _bek mutalea _cIbne Kanwal |
|
| 260 |
_aDelhi _bKitabi Duniya _c2005 |
||
| 300 | _a422p. | ||
| 901 |
_a15920 _b17-03-2017 |
||
| 902 |
_a2840 _b17-03-2017 _cF _dPIBD _e8U |
||
| 903 |
_a20 _bReqst by : Mohamad Akabar |
||
| 942 |
_2ddc _cUR |
||
| 999 |
_c128 _d128 |
||